[Event "Russian Blitz Championship (m)"]
[Site "Sochi"]
[Date "2022.10.14"]
[Round "12.7"]
[White "Tsydypov, Zhamsaran"]
[Black "Bocharov, Dmitry"]
[Result "0-1"]
[BlackElo "2484"]
[WhiteElo "2598"]
[LiveChessVersion "1.4.8"]

1. e4 {[%clk 0:03:03]} c5 {[%clk 0:03:03]} 2. Nf3 {[%clk 0:03:04]} d6
{[%clk 0:03:05]} 3. d4 {[%clk 0:03:05]} cxd4 {[%clk 0:03:06]} 4. Nxd4
{[%clk 0:03:06]} Nf6 {[%clk 0:03:06]} 5. Nc3 {[%clk 0:03:07]} a6 {[%clk 0:03:08]}
6. Bg5 {[%clk 0:02:56]} Nbd7 {[%clk 0:03:08]} 7. Qe2 {[%clk 0:02:55]} h6
{[%clk 0:02:57]} 8. Bh4 {[%clk 0:02:56]} g6 {[%clk 0:02:58]} 9. f4
{[%clk 0:02:57]} e5 {[%clk 0:02:54]} 10. O-O-O {[%clk 0:02:57]} Qc7
{[%clk 0:02:54]} 11. fxe5 {[%clk 0:02:54]} dxe5 {[%clk 0:02:54]} 12. Nb3
{[%clk 0:02:48]} b5 {[%clk 0:02:55]} 13. Qf3 {[%clk 0:02:44]} Bg7
{[%clk 0:02:49]} 14. Rxd7 {[%clk 0:02:30]} Nxd7 {[%clk 0:02:49]} 15. Nd5
{[%clk 0:02:31]} Qb8 {[%clk 0:02:35]} 16. Be7 {[%clk 0:01:56]} Bb7
{[%clk 0:02:31]} 17. Bb4 {[%clk 0:01:53]} Bxd5 {[%clk 0:02:00]} 18. exd5
{[%clk 0:01:54]} f5 {[%clk 0:01:37]} 19. d6 {[%clk 0:01:48]} O-O {[%clk 0:01:25]}
20. Na5 {[%clk 0:01:47]} e4 {[%clk 0:01:20]} 21. Qb3+ {[%clk 0:01:41]} Kh7
{[%clk 0:01:21]} 22. h4 {[%clk 0:01:37]} h5 {[%clk 0:01:21]} 23. Be2
{[%clk 0:01:36]} Qb6 {[%clk 0:01:17]} 24. Rd1 {[%clk 0:01:37]} Rae8
{[%clk 0:01:10]} 25. Be1 {[%clk 0:01:27]} f4 {[%clk 0:01:06]} 26. Qh3
{[%clk 0:00:55]} f3 {[%clk 0:00:56]} 27. Bf1 {[%clk 0:00:57]} Ne5
{[%clk 0:00:48]} 28. Nb3 {[%clk 0:00:44]} Nc4 {[%clk 0:00:43]} 29. d7
{[%clk 0:00:45]} Rd8 {[%clk 0:00:39]} 30. Bb4 {[%clk 0:00:24]} Qf6
{[%clk 0:00:35]} 31. c3 {[%clk 0:00:20]} Qf4+ {[%clk 0:00:35]} 32. Kb1
{[%clk 0:00:20]} Ne3 {[%clk 0:00:35]} 33. Bxf8 {[%clk 0:00:16]} Bxf8
{[%clk 0:00:34]} 34. Re1 {[%clk 0:00:13]} Nxf1 {[%clk 0:00:29]} 35. Rxf1
{[%clk 0:00:14]} Qe3 {[%clk 0:00:29]} 36. gxf3 {[%clk 0:00:14]} Qd3+
{[%clk 0:00:27]} 37. Ka1 {[%clk 0:00:16]} e3 {[%clk 0:00:27]} 38. Nc1
{[%clk 0:00:12]} Qxd7 {[%clk 0:00:21]} 39. Qg2 {[%clk 0:00:09]} Qd2
{[%clk 0:00:21]} 40. Qe2 {[%clk 0:00:06]} Qxe2 {[%clk 0:00:18]} 41. Nxe2
{[%clk 0:00:07]} Rd2 {[%clk 0:00:19]} 42. Re1 {[%clk 0:00:09]} Be7
{[%clk 0:00:20]} 43. Nc1 {[%clk 0:00:05]} Bxh4 {[%clk 0:00:19]} 44. Rxe3
{[%clk 0:00:07]} Rd1 {[%clk 0:00:19]} 45. Kb1 {[%clk 0:00:06]} Bg5
{[%clk 0:00:20]} 0-1

[Event "Russian Blitz Championship (m)"]
[Site "Sochi"]
[Date "2022.10.14"]
[Round "12.8"]
[White "Grachev, Boris"]
[Black "Khegay, Dmitriy"]
[Result "1/2-1/2"]
[BlackElo "2457"]
[WhiteElo "2565"]
[LiveChessVersion "1.4.8"]

1. d4 {[%clk 0:03:03]} Nf6 {[%clk 0:03:03]} 2. Nf3 {[%clk 0:03:04]} e6
{[%clk 0:03:04]} 3. Bf4 {[%clk 0:03:04]} d5 {[%clk 0:03:05]} 4. e3
{[%clk 0:03:05]} Bd6 {[%clk 0:03:06]} 5. Bg3 {[%clk 0:03:06]} O-O
{[%clk 0:03:07]} 6. Nbd2 {[%clk 0:03:07]} c5 {[%clk 0:03:08]} 7. c3
{[%clk 0:03:08]} Qc7 {[%clk 0:03:09]} 8. dxc5 Qxc5 {[%clk 0:03:09]} 9. Bd3
{[%clk 0:02:59]} Bxg3 {[%clk 0:02:59]} 10. hxg3 {[%clk 0:02:59]} h6
{[%clk 0:03:00]} 11. Rc1 {[%clk 0:02:52]} Nc6 {[%clk 0:02:58]} 12. c4
{[%clk 0:02:50]} Rd8 {[%clk 0:02:37]} 13. O-O {[%clk 0:02:41]} Qe7
{[%clk 0:02:06]} 14. cxd5 {[%clk 0:02:37]} Nxd5 {[%clk 0:02:04]} 15. Bb1
{[%clk 0:02:34]} e5 {[%clk 0:01:57]} 16. Qc2 {[%clk 0:02:28]} Nf6
{[%clk 0:01:47]} 17. Ne4 {[%clk 0:02:28]} Nxe4 {[%clk 0:01:35]} 18. Qxe4
{[%clk 0:02:29]} f5 {[%clk 0:01:24]} 19. Qa4 {[%clk 0:02:21]} e4 {[%clk 0:01:16]}
20. Nd4 {[%clk 0:01:46]} Nxd4 {[%clk 0:01:15]} 21. exd4 {[%clk 0:01:47]} Be6
{[%clk 0:01:14]} 22. Bc2 {[%clk 0:01:38]} Rac8 {[%clk 0:01:09]} 23. Bb3
{[%clk 0:01:34]} Bxb3 {[%clk 0:01:03]} 24. Qxb3+ {[%clk 0:01:35]} Qf7
{[%clk 0:01:04]} 25. Rxc8 {[%clk 0:01:29]} Rxc8 {[%clk 0:01:05]} 26. d5
{[%clk 0:01:30]} Rd8 {[%clk 0:00:56]} 27. Rd1 {[%clk 0:01:31]} Rd6
{[%clk 0:00:57]} 28. Qc4 {[%clk 0:01:22]} Kh7 {[%clk 0:00:53]} 29. Qc5
{[%clk 0:01:21]} Qd7 {[%clk 0:00:54]} 30. a3 {[%clk 0:01:03]} b6 {[%clk 0:00:55]}
31. Qd4 {[%clk 0:01:03]} Qe7 {[%clk 0:00:37]} 32. b4 {[%clk 0:00:58]} Kg6
{[%clk 0:00:31]} 33. a4 {[%clk 0:00:58]} Qf6 {[%clk 0:00:30]} 34. Qc4
{[%clk 0:00:54]} Qe5 {[%clk 0:00:25]} 35. a5 {[%clk 0:00:45]} bxa5
{[%clk 0:00:24]} 36. bxa5 {[%clk 0:00:46]} a6 {[%clk 0:00:24]} 37. Qc8
{[%clk 0:00:28]} Kh7 {[%clk 0:00:22]} 38. Qc5 {[%clk 0:00:20]} Kg6
{[%clk 0:00:11]} 39. Qc4 {[%clk 0:00:19]} Kh7 {[%clk 0:00:10]} 40. Qb3
{[%clk 0:00:10]} f4 {[%clk 0:00:06]} 41. gxf4 Qxf4 42. Qe3 {[%clk 0:00:06]} Qe5
{[%clk 0:00:08]} 43. Qb3 {[%clk 0:00:04]} Rg6 {[%clk 0:00:06]} 44. Qe3
{[%clk 0:00:04]} Rd6 {[%clk 0:00:07]} 45. Qb3 {[%clk 0:00:05]} Qf4
{[%clk 0:00:08]} 46. Qe3 {[%clk 0:00:06]} Qxe3 {[%clk 0:00:06]} 47. fxe3 Kg6 48.
Rb1 {[%clk 0:00:06]} Kf5 {[%clk 0:00:07]} 49. Rb7 {[%clk 0:00:06]} g5
{[%clk 0:00:06]} 50. Ra7 {[%clk 0:00:04]} Ke5 {[%clk 0:00:07]} 51. g4
{[%clk 0:00:04]} Kxd5 {[%clk 0:00:08]} 52. Kf2 {[%clk 0:00:06]} Kc4
{[%clk 0:00:09]} 53. Rb7 {[%clk 0:00:06]} Kd3 {[%clk 0:00:04]} 54. Rb6
{[%clk 0:00:05]} Rd7 {[%clk 0:00:03]} 55. Rb3+ {[%clk 0:00:04]} Kc4
{[%clk 0:00:04]} 56. Rb6 {[%clk 0:00:06]} Kd3 {[%clk 0:00:05]} 57. Rb3+
{[%clk 0:00:07]} Kc4 {[%clk 0:00:06]} 58. Rb6 {[%clk 0:00:08]} Kd3
{[%clk 0:00:04]} 59. Rb3+ {[%clk 0:00:09]} Kc4 {[%clk 0:00:03]} 60. Rb6
{[%clk 0:00:10]} 1/2-1/2

[Event "Russian Blitz Championship (m)"]
[Site "Sochi"]
[Date "2022.10.14"]
[Round "12.9"]
[White "Iljiushenok, Ilia"]
[Black "Afanasiev, Nikita"]
[Result "1/2-1/2"]
[BlackElo "2541"]
[WhiteElo "2467"]
[LiveChessVersion "1.4.8"]

1. e4 {[%clk 0:03:02]} g6 {[%clk 0:03:04]} 2. d4 {[%clk 0:03:03]} Bg7
{[%clk 0:03:05]} 3. Nc3 {[%clk 0:03:04]} a6 {[%clk 0:03:06]} 4. f4
{[%clk 0:03:04]} d6 {[%clk 0:03:06]} 5. Nf3 {[%clk 0:03:05]} Nd7 {[%clk 0:03:06]}
6. Bd3 {[%clk 0:03:04]} c5 {[%clk 0:03:05]} 7. Be3 {[%clk 0:02:53]} cxd4
{[%clk 0:03:02]} 8. Bxd4 {[%clk 0:02:47]} Bxd4 {[%clk 0:03:01]} 9. Nxd4
{[%clk 0:02:48]} Qb6 {[%clk 0:03:02]} 10. Nb3 {[%clk 0:02:45]} Qe3+
{[%clk 0:03:01]} 11. Ne2 {[%clk 0:02:46]} Ngf6 {[%clk 0:02:57]} 12. Rf1
{[%clk 0:02:34]} e5 {[%clk 0:02:21]} 13. Rf3 {[%clk 0:02:03]} Qb6
{[%clk 0:02:21]} 14. Qd2 {[%clk 0:01:55]} exf4 {[%clk 0:02:02]} 15. Qxf4
{[%clk 0:01:52]} O-O {[%clk 0:01:54]} 16. O-O-O {[%clk 0:01:38]} Nh5
{[%clk 0:01:55]} 17. Qd2 {[%clk 0:01:28]} Ne5 {[%clk 0:01:55]} 18. Rff1
{[%clk 0:01:25]} Be6 {[%clk 0:01:54]} 19. Ned4 {[%clk 0:01:19]} Bxb3
{[%clk 0:01:49]} 20. Nxb3 {[%clk 0:01:20]} a5 {[%clk 0:01:42]} 21. Be2
{[%clk 0:01:13]} a4 {[%clk 0:01:38]} 22. Nd4 {[%clk 0:01:13]} a3 {[%clk 0:01:36]}
23. b3 {[%clk 0:01:12]} Ng7 {[%clk 0:01:35]} 24. Nb5 {[%clk 0:00:51]} Rfd8
{[%clk 0:01:36]} 25. Nc3 {[%clk 0:00:50]} Qb4 {[%clk 0:01:25]} 26. Qe3
{[%clk 0:00:46]} Qc5 {[%clk 0:01:23]} 27. Qxc5 {[%clk 0:00:42]} dxc5
{[%clk 0:01:23]} 28. Nd5 {[%clk 0:00:43]} Ne6 {[%clk 0:01:19]} 29. c3
{[%clk 0:00:39]} Ng5 {[%clk 0:01:19]} 30. Rf4 {[%clk 0:00:36]} Kg7
{[%clk 0:01:19]} 31. Kc2 {[%clk 0:00:37]} Rd6 {[%clk 0:01:16]} 32. h4
{[%clk 0:00:36]} Ne6 {[%clk 0:01:17]} 33. Rff1 {[%clk 0:00:37]} h5
{[%clk 0:01:08]} 34. g3 {[%clk 0:00:38]} Rb8 {[%clk 0:01:02]} 35. Ne3
{[%clk 0:00:35]} Rxd1 {[%clk 0:01:00]} 36. Rxd1 {[%clk 0:00:27]} b5
{[%clk 0:01:01]} 37. Rd6 Kf6 {[%clk 0:00:53]} 38. Nd5+ {[%clk 0:00:27]} b4
{[%clk 0:00:53]} 39. Ra6+ {[%clk 0:00:22]} Kg7 {[%clk 0:00:39]} 40. Bc4
{[%clk 0:00:21]} Rc8 {[%clk 0:00:30]} 41. Ra7 {[%clk 0:00:15]} g5
{[%clk 0:00:27]} 42. Ra6 {[%clk 0:00:15]} gxh4 {[%clk 0:00:27]} 43. gxh4 Rb8 44.
Ne3 {[%clk 0:00:12]} Kf6 {[%clk 0:00:30]} 45. Nd5+ {[%clk 0:00:12]} Kg6
{[%clk 0:00:30]} 46. Ne7+ {[%clk 0:00:12]} Kf6 {[%clk 0:00:29]} 47. Nd5+
{[%clk 0:00:10]} Kg6 {[%clk 0:00:31]} 48. Ne7+ {[%clk 0:00:09]} Kf6
{[%clk 0:00:31]} 49. Nd5+ {[%clk 0:00:08]} Kg6 {[%clk 0:00:32]} 1/2-1/2

[Event "Russian Blitz Championship (m)"]
[Site "Sochi"]
[Date "2022.10.14"]
[Round "12.10"]
[White "Turov, Maxim"]
[Black "Chigaev, Maksim"]
[Result "0-1"]
[BlackElo "2537"]
[WhiteElo "2465"]
[LiveChessVersion "1.4.8"]

1. e4 {[%clk 0:03:03]} c5 {[%clk 0:03:01]} 2. Nc3 {[%clk 0:03:03]} d6
{[%clk 0:03:02]} 3. d4 {[%clk 0:03:01]} cxd4 {[%clk 0:03:02]} 4. Qxd4
{[%clk 0:03:01]} Nc6 {[%clk 0:03:03]} 5. Qd2 {[%clk 0:03:00]} g6 {[%clk 0:03:04]}
6. b3 {[%clk 0:03:00]} Bh6 {[%clk 0:03:03]} 7. f4 {[%clk 0:03:00]} Nf6
{[%clk 0:03:03]} 8. Bb2 {[%clk 0:02:59]} e5 {[%clk 0:03:03]} 9. g3
{[%clk 0:02:29]} exf4 {[%clk 0:03:04]} 10. gxf4 {[%clk 0:02:16]} Nh5
{[%clk 0:03:04]} 11. Nd5 {[%clk 0:02:10]} O-O {[%clk 0:03:04]} 12. O-O-O
{[%clk 0:02:02]} Be6 {[%clk 0:03:03]} 13. Ne2 {[%clk 0:01:46]} Qh4
{[%clk 0:03:03]} 14. Kb1 {[%clk 0:01:39]} Bxd5 {[%clk 0:03:03]} 15. exd5
{[%clk 0:01:36]} Ne5 {[%clk 0:03:04]} 16. Qd4 {[%clk 0:00:54]} Nxf4
{[%clk 0:02:20]} 17. Bc1 {[%clk 0:00:49]} Nf3 {[%clk 0:02:06]} 18. Qe4
{[%clk 0:00:12]} Nxe2 {[%clk 0:02:05]} 19. Qxe2 {[%clk 0:00:06]} Bxc1
{[%clk 0:01:59]} 20. Rxc1 {[%clk 0:00:07]} Ne5 {[%clk 0:01:58]} 21. Qd2
{[%clk 0:00:04]} a6 {[%clk 0:01:44]} 22. Rg1 {[%clk 0:00:05]} 0-1

[Event "Russian Blitz Championship (m)"]
[Site "Sochi"]
[Date "2022.10.14"]
[Round "12.11"]
[White "Obgolts, Erik"]
[Black "Petrov, Nikita"]
[Result "1/2-1/2"]
[BlackElo "2528"]
[WhiteElo "2407"]
[LiveChessVersion "1.4.8"]

1. d4 {[%clk 0:03:03]} Nf6 {[%clk 0:03:02]} 2. Nf3 {[%clk 0:03:04]} d5
{[%clk 0:03:03]} 3. Bf4 {[%clk 0:03:05]} c5 {[%clk 0:03:04]} 4. e3
{[%clk 0:03:06]} Nc6 {[%clk 0:03:05]} 5. Nbd2 {[%clk 0:03:06]} e6
{[%clk 0:03:06]} 6. c3 {[%clk 0:03:08]} Nh5 {[%clk 0:03:06]} 7. Be5
{[%clk 0:03:03]} f6 {[%clk 0:03:01]} 8. Bg3 {[%clk 0:03:04]} g6 {[%clk 0:02:54]}
9. Be2 {[%clk 0:02:54]} Be7 {[%clk 0:02:49]} 10. O-O {[%clk 0:02:50]} O-O
{[%clk 0:02:44]} 11. dxc5 {[%clk 0:02:37]} Bxc5 {[%clk 0:02:44]} 12. c4
{[%clk 0:02:38]} Nxg3 {[%clk 0:02:42]} 13. hxg3 {[%clk 0:02:39]} dxc4
{[%clk 0:02:28]} 14. Bxc4 {[%clk 0:02:33]} Qe7 {[%clk 0:02:23]} 15. a3
{[%clk 0:02:33]} a6 {[%clk 0:02:18]} 16. b4 {[%clk 0:02:19]} Ba7 {[%clk 0:02:19]}
17. Qe2 {[%clk 0:02:20]} Kg7 {[%clk 0:02:18]} 18. Rac1 {[%clk 0:02:14]} Bd7
{[%clk 0:02:08]} 19. Rfd1 {[%clk 0:02:14]} Rfd8 {[%clk 0:01:49]} 20. Ne4
{[%clk 0:02:15]} Be8 {[%clk 0:01:48]} 21. g4 {[%clk 0:02:12]} g5 {[%clk 0:01:30]}
22. Qb2 {[%clk 0:01:51]} h6 {[%clk 0:01:28]} 23. Ng3 {[%clk 0:01:52]} Rac8
{[%clk 0:01:09]} 24. Qa2 {[%clk 0:01:34]} Bf7 {[%clk 0:00:55]} 25. Nh5+
{[%clk 0:01:27]} Kf8 {[%clk 0:00:54]} 26. Qb2 {[%clk 0:01:21]} Bxh5
{[%clk 0:00:52]} 27. gxh5 {[%clk 0:01:21]} Bb8 {[%clk 0:00:46]} 28. Qb1
{[%clk 0:01:14]} Rxd1+ {[%clk 0:00:32]} 29. Rxd1 {[%clk 0:01:15]} Rd8
{[%clk 0:00:33]} 30. Rxd8+ {[%clk 0:01:09]} Nxd8 {[%clk 0:00:34]} 31. Qg6
{[%clk 0:00:52]} Qg7 {[%clk 0:00:33]} 32. Nd4 {[%clk 0:00:44]} Qxg6
{[%clk 0:00:26]} 33. hxg6 {[%clk 0:00:45]} Kg7 {[%clk 0:00:23]} 34. Nxe6+
{[%clk 0:00:33]} Nxe6 {[%clk 0:00:24]} 35. Bxe6 {[%clk 0:00:32]} Kxg6
{[%clk 0:00:25]} 36. Bc8 {[%clk 0:00:33]} Be5 {[%clk 0:00:19]} 37. Bxb7
{[%clk 0:00:33]} Bb2 {[%clk 0:00:20]} 38. a4 {[%clk 0:00:32]} Ba3
{[%clk 0:00:19]} 39. Bxa6 {[%clk 0:00:27]} Bxb4 {[%clk 0:00:20]} 40. Bd3+
{[%clk 0:00:28]} Kf7 {[%clk 0:00:21]} 41. g4 {[%clk 0:00:29]} Ke6
{[%clk 0:00:21]} 42. Kg2 {[%clk 0:00:30]} Ke5 {[%clk 0:00:21]} 43. Kf3
{[%clk 0:00:29]} Be1 {[%clk 0:00:21]} 44. Ke2 {[%clk 0:00:29]} Ba5
{[%clk 0:00:22]} 45. Bg6 {[%clk 0:00:29]} Kd5 {[%clk 0:00:19]} 46. Kd3
{[%clk 0:00:29]} Be1 {[%clk 0:00:18]} 47. f4 {[%clk 0:00:24]} Bg3
{[%clk 0:00:16]} 48. Bf7+ {[%clk 0:00:25]} Kc5 {[%clk 0:00:17]} 49. Ke4
{[%clk 0:00:26]} Bf2 {[%clk 0:00:17]} 50. Be8 {[%clk 0:00:21]} Kb4
{[%clk 0:00:17]} 51. Kf3 {[%clk 0:00:19]} Be1 {[%clk 0:00:16]} 52. Bb5
{[%clk 0:00:13]} Bd2 {[%clk 0:00:17]} 53. fxg5 {[%clk 0:00:11]} hxg5
{[%clk 0:00:17]} 54. Ke4 {[%clk 0:00:11]} Bc3 {[%clk 0:00:18]} 55. Kd5
{[%clk 0:00:09]} Be5 {[%clk 0:00:18]} 56. e4 {[%clk 0:00:10]} 1/2-1/2

[Event "Russian Blitz Championship (m)"]
[Site "Sochi"]
[Date "2022.10.14"]
[Round "12.12"]
[White "Ponkratov, Pavel"]
[Black "Makarian, Rudik"]
[Result "1/2-1/2"]
[BlackElo "2405"]
[WhiteElo "2515"]
[LiveChessVersion "1.4.8"]

1. g3 {[%clk 0:03:02]} g6 {[%clk 0:03:02]} 2. Bg2 {[%clk 0:03:03]} Bg7
{[%clk 0:03:03]} 3. Nf3 {[%clk 0:03:04]} Nf6 {[%clk 0:02:57]} 4. c4
{[%clk 0:03:05]} c5 {[%clk 0:02:58]} 5. O-O {[%clk 0:02:58]} Nc6 {[%clk 0:02:59]}
6. d4 {[%clk 0:02:59]} cxd4 {[%clk 0:03:00]} 7. Nxd4 {[%clk 0:03:00]} h5
{[%clk 0:03:01]} 8. Nxc6 {[%clk 0:02:50]} dxc6 {[%clk 0:03:01]} 9. Qxd8+
{[%clk 0:02:44]} Kxd8 {[%clk 0:03:02]} 10. Rd1+ {[%clk 0:02:42]} Ke8
{[%clk 0:02:58]} 11. Bg5 {[%clk 0:02:22]} Nh7 {[%clk 0:02:54]} 12. Bc1
{[%clk 0:02:23]} h4 {[%clk 0:02:53]} 13. Nd2 {[%clk 0:02:18]} Be6
{[%clk 0:02:43]} 14. Nb3 {[%clk 0:02:01]} Bxc4 {[%clk 0:02:06]} 15. Na5
{[%clk 0:02:02]} Bxe2 {[%clk 0:01:57]} 16. Re1 {[%clk 0:02:03]} Ba6
{[%clk 0:01:56]} 17. Nxc6 {[%clk 0:02:03]} hxg3 {[%clk 0:01:35]} 18. hxg3
{[%clk 0:01:58]} Kf8 {[%clk 0:01:31]} 19. Nxe7 {[%clk 0:01:31]} Re8
{[%clk 0:01:03]} 20. Bd2 {[%clk 0:01:32]} Bxb2 {[%clk 0:00:39]} 21. Rab1
{[%clk 0:01:33]} Bf6 {[%clk 0:00:40]} 22. Nd5 {[%clk 0:01:32]} Rxe1+
{[%clk 0:00:36]} 23. Rxe1 {[%clk 0:01:31]} Kg7 {[%clk 0:00:32]} 24. Nxf6
{[%clk 0:01:20]} Nxf6 {[%clk 0:00:32]} 25. Bc3 {[%clk 0:01:21]} Rc8
{[%clk 0:00:30]} 26. Bd4 {[%clk 0:01:20]} Rc4 {[%clk 0:00:23]} 27. Be5
{[%clk 0:01:18]} g5 {[%clk 0:00:20]} 28. Rd1 {[%clk 0:01:16]} Rc5
{[%clk 0:00:15]} 29. Bd4 {[%clk 0:01:16]} Ra5 {[%clk 0:00:09]} 30. Bc3
{[%clk 0:00:48]} Ra3 {[%clk 0:00:10]} 31. Be5 {[%clk 0:00:48]} Ra5
{[%clk 0:00:06]} 32. f4 {[%clk 0:00:49]} gxf4 {[%clk 0:00:07]} 33. gxf4
{[%clk 0:00:51]} Rb5 {[%clk 0:00:09]} 34. Bh3 {[%clk 0:00:26]} Rb6
{[%clk 0:00:08]} 35. Rd2 {[%clk 0:00:25]} Kf8 {[%clk 0:00:06]} 36. Bf5
{[%clk 0:00:23]} Ke7 {[%clk 0:00:05]} 37. Rc2 {[%clk 0:00:21]} Ne8
{[%clk 0:00:05]} 38. Rc8 {[%clk 0:00:16]} Rc6 {[%clk 0:00:05]} 39. Ra8
{[%clk 0:00:16]} f6 {[%clk 0:00:06]} 40. Bb2 {[%clk 0:00:15]} Nd6
{[%clk 0:00:07]} 41. Bg6 {[%clk 0:00:13]} Rc8 {[%clk 0:00:07]} 42. Rxc8
{[%clk 0:00:12]} Nxc8 {[%clk 0:00:08]} 43. Kf2 {[%clk 0:00:13]} Nd6
{[%clk 0:00:09]} 44. Ba3 {[%clk 0:00:13]} Ke6 {[%clk 0:00:10]} 45. Bb4
{[%clk 0:00:11]} Bc4 {[%clk 0:00:10]} 46. a3 {[%clk 0:00:12]} b6 {[%clk 0:00:11]}
47. Bh7 {[%clk 0:00:12]} Kd7 {[%clk 0:00:11]} 48. Ke3 {[%clk 0:00:12]} Be6
{[%clk 0:00:11]} 49. Bc2 {[%clk 0:00:12]} a5 {[%clk 0:00:11]} 50. Bc3
{[%clk 0:00:12]} Nc4+ {[%clk 0:00:08]} 51. Kd4 {[%clk 0:00:10]} Nd6
{[%clk 0:00:08]} 52. Bd3 {[%clk 0:00:10]} Kc6 {[%clk 0:00:07]} 53. a4
{[%clk 0:00:10]} Bb3 {[%clk 0:00:08]} 54. f5 {[%clk 0:00:09]} Bxa4
{[%clk 0:00:08]} 55. Ke3 {[%clk 0:00:10]} Bb5 {[%clk 0:00:08]} 56. Bb1
{[%clk 0:00:11]} Ne8 {[%clk 0:00:08]} 57. Be4+ {[%clk 0:00:11]} Kc7
{[%clk 0:00:09]} 58. Kd4 {[%clk 0:00:11]} Bc6 {[%clk 0:00:10]} 59. Bc2
{[%clk 0:00:11]} Nd6 {[%clk 0:00:12]} 60. Ke3 {[%clk 0:00:12]} Ne8
{[%clk 0:00:12]} 61. Kd4 {[%clk 0:00:12]} Bd7 {[%clk 0:00:12]} 62. Ke3
{[%clk 0:00:13]} Kd6 {[%clk 0:00:12]} 63. Bd4 {[%clk 0:00:13]} b5
{[%clk 0:00:13]} 64. Bb6 {[%clk 0:00:13]} a4 {[%clk 0:00:13]} 65. Kd4
{[%clk 0:00:14]} Kc6 {[%clk 0:00:13]} 66. Bd8 {[%clk 0:00:13]} Nd6
{[%clk 0:00:14]} 67. Bxf6 {[%clk 0:00:13]} Bxf5 {[%clk 0:00:15]} 68. Bd1
{[%clk 0:00:14]} Be6 {[%clk 0:00:14]} 69. Bf3+ {[%clk 0:00:13]} Kb6
{[%clk 0:00:15]} 70. Kc3 {[%clk 0:00:14]} Nc4 {[%clk 0:00:11]} 71. Kb4
{[%clk 0:00:14]} Ka6 {[%clk 0:00:09]} 72. Be2 {[%clk 0:00:14]} Nd6
{[%clk 0:00:08]} 73. Be5 {[%clk 0:00:14]} Bc4 {[%clk 0:00:08]} 1/2-1/2

[Event "Russian Blitz Championship (m)"]
[Site "Sochi"]
[Date "2022.10.14"]
[Round "12.13"]
[White "Uskov, Artem"]
[Black "Kezin, Roman"]
[Result "0-1"]
[BlackElo "2503"]
[WhiteElo "2276"]
[LiveChessVersion "1.4.8"]

1. e4 {[%clk 0:03:02]} c5 {[%clk 0:03:04]} 2. Nf3 e6 3. c3 {[%clk 0:03:03]} d5
{[%clk 0:03:06]} 4. exd5 {[%clk 0:03:04]} exd5 {[%clk 0:03:07]} 5. d4
{[%clk 0:03:04]} Nc6 {[%clk 0:03:09]} 6. Be2 {[%clk 0:02:58]} Nf6
{[%clk 0:03:08]} 7. O-O {[%clk 0:02:57]} Bd6 {[%clk 0:03:09]} 8. Bg5
{[%clk 0:02:55]} cxd4 {[%clk 0:03:01]} 9. Nxd4 {[%clk 0:02:51]} O-O
{[%clk 0:02:59]} 10. Bf3 {[%clk 0:02:47]} h6 {[%clk 0:02:54]} 11. Bh4
{[%clk 0:02:38]} Ne5 {[%clk 0:02:32]} 12. Nd2 {[%clk 0:02:31]} a6
{[%clk 0:02:23]} 13. Bxf6 {[%clk 0:02:26]} Qxf6 {[%clk 0:02:23]} 14. Bxd5
{[%clk 0:02:27]} Ng4 {[%clk 0:02:06]} 15. g3 {[%clk 0:02:19]} Qg6
{[%clk 0:02:00]} 16. Bg2 {[%clk 0:02:18]} Ra7 {[%clk 0:01:33]} 17. N2f3
{[%clk 0:02:12]} b5 {[%clk 0:01:32]} 18. Nh4 {[%clk 0:02:00]} Qf6
{[%clk 0:01:26]} 19. Qf3 {[%clk 0:02:00]} Rc7 {[%clk 0:01:08]} 20. Rae1
{[%clk 0:01:49]} g6 {[%clk 0:00:18]} 21. Rd1 {[%clk 0:01:22]} Bc5
{[%clk 0:00:06]} 22. Nb3 {[%clk 0:01:15]} Ba7 {[%clk 0:00:05]} 23. h3
{[%clk 0:01:09]} Qxf3 {[%clk 0:00:05]} 24. Nxf3 Nf6 25. Rfe1 {[%clk 0:01:09]} Kg7
{[%clk 0:00:08]} 26. Rd6 {[%clk 0:01:07]} Ne8 {[%clk 0:00:03]} 27. Rd2
{[%clk 0:01:02]} Nf6 {[%clk 0:00:04]} 28. g4 {[%clk 0:00:55]} Be6
{[%clk 0:00:03]} 29. Rd6 {[%clk 0:00:54]} Bc8 {[%clk 0:00:04]} 30. Nfd4
{[%clk 0:00:52]} Bb8 {[%clk 0:00:03]} 31. Rb6 {[%clk 0:00:52]} Ba7 32. Rc6
{[%clk 0:00:50]} Rxc6 {[%clk 0:00:05]} 33. Nxc6 Bb6 34. Re7 {[%clk 0:00:48]} Ng8
{[%clk 0:00:05]} 35. Re2 {[%clk 0:00:44]} Nf6 {[%clk 0:00:06]} 36. Nbd4
{[%clk 0:00:46]} h5 {[%clk 0:00:04]} 37. g5 {[%clk 0:00:46]} Ng8 {[%clk 0:00:04]}
38. Nb4 {[%clk 0:00:39]} h4 {[%clk 0:00:03]} 39. Nf3 {[%clk 0:00:38]} Bd8
{[%clk 0:00:05]} 40. Nd5 {[%clk 0:00:38]} Be6 {[%clk 0:00:04]} 41. Nb4
{[%clk 0:00:32]} a5 {[%clk 0:00:03]} 42. Nc6 {[%clk 0:00:32]} Bb6
{[%clk 0:00:04]} 43. Ncd4 {[%clk 0:00:31]} Bxa2 {[%clk 0:00:04]} 44. b3
{[%clk 0:00:32]} Bb1 {[%clk 0:00:05]} 45. Re1 {[%clk 0:00:30]} Bd3
{[%clk 0:00:04]} 46. Ne5 {[%clk 0:00:30]} Bxd4 47. cxd4 {[%clk 0:00:30]} Bc2
{[%clk 0:00:06]} 48. Re3 {[%clk 0:00:28]} Ne7 {[%clk 0:00:06]} 49. Nd7
{[%clk 0:00:27]} Nf5 {[%clk 0:00:04]} 50. Re2 {[%clk 0:00:18]} Rd8
{[%clk 0:00:03]} 51. Nf6 {[%clk 0:00:18]} Bxb3 {[%clk 0:00:03]} 52. d5
{[%clk 0:00:16]} a4 53. Rb2 {[%clk 0:00:11]} Bc4 {[%clk 0:00:05]} 54. Rb1
{[%clk 0:00:10]} a3 {[%clk 0:00:06]} 55. Bf1 {[%clk 0:00:11]} Bxf1
{[%clk 0:00:04]} 56. Kxf1 {[%clk 0:00:12]} a2 {[%clk 0:00:04]} 57. Ra1
{[%clk 0:00:14]} Ra8 {[%clk 0:00:06]} 58. Ne4 {[%clk 0:00:12]} b4
{[%clk 0:00:04]} 59. Nd2 {[%clk 0:00:08]} Nd4 {[%clk 0:00:05]} 60. d6
{[%clk 0:00:09]} Nc2 {[%clk 0:00:05]} 61. Rc1 {[%clk 0:00:08]} a1=Q
{[%clk 0:00:06]} 62. Rxa1 {[%clk 0:00:09]} Rxa1+ {[%clk 0:00:07]} 63. Kg2
{[%clk 0:00:10]} Rd1 {[%clk 0:00:06]} 64. Ne4 {[%clk 0:00:09]} b3
{[%clk 0:00:06]} 65. f4 {[%clk 0:00:09]} b2 {[%clk 0:00:07]} 66. Nc3
{[%clk 0:00:10]} Rxd6 {[%clk 0:00:07]} 67. f5 {[%clk 0:00:11]} gxf5
{[%clk 0:00:07]} 0-1